000 00976nas a2200325 4500
001 BR0603121
003 BR-BrBNA
005 20231205110134.0
007 ta
008 230509b bl.|||p| |||| 00| 00por d
040 _aBR-BrBNA
_bpor
_cBiblioteca Nacional de Agricultura
041 _a(Pt)
072 _aL73; L40
100 1 _aValle, G.R.
100 1 _aNascimento, E.F.
100 1 _aCastro, A.C.S.
100 1 _aNorte, A.L.
100 1 _aNogueira, J.C.
245 1 _aAnálise histológica e histoquímica de cistos intra-epiteliais de tubas uterinas de novilhas mestiças
650 _aBOVINO
650 _aNOVILHO
650 _aMESTIÇO
650 _aÚTERO
650 _aCISTO
650 _aHISTOLOGIA ANIMAL
650 _aHISTOQUÍMICA
773 0 _tArquivo Brasileiro de Medicina Veterinária e Zootecnia (Brazil)
_xISSN 0102-0935
_g(Jun 2005), v. 57(3) p. 326-333
_wBR0603121
909 _a202311
_bLúcia
_c55
_dLúcia Elande
942 _2AGRIS
_n0
_cANA
999 _c186321
_d186321